Štátny bankrot

Vymedzenie štátneho bankrotu. História štátneho bankrotu. Vyhlásenie bankrotu štátu. Straty u investorov a negatívny dopad na obyvateľstvo. Riziko bankrotu v krajinách eurozóny. Zásahy a dôležitá úloha Európskej centrálnej banky.

Salvato in:
Dettagli Bibliografici
Autore principale: Zwiebová, Darina
Natura: Capitolo di libro
Lingua:slovacco
Soggetti:
Tags: Aggiungi Tag
Nessun Tag, puoi essere il primo ad aggiungerne!!

MARC

LEADER 00000nla$a2200000$$$4500
001 0146940
005 20240502072644.4
041 0 |a slo 
044 |a SK 
245 1 0 |a Štátny bankrot  |c Darina Zwiebová 
520 |a Vymedzenie štátneho bankrotu. História štátneho bankrotu. Vyhlásenie bankrotu štátu. Straty u investorov a negatívny dopad na obyvateľstvo. Riziko bankrotu v krajinách eurozóny. Zásahy a dôležitá úloha Európskej centrálnej banky. 
610 2 0 |a história 
610 2 0 |a bankrot 
610 2 0 |a štát 
610 2 0 |a kríza hospodárska 
610 2 0 |a kríza banková 
610 2 0 |a insolventnosť 
610 2 0 |a devalvácia 
610 2 0 |a proces reprodukčný 
610 2 0 |a šoky hospodárske 
100 1 |a Zwiebová, Darina